|
|
|
|
| LEADER |
00000nab a2200000 a 4500 |
| 001 |
vtls000758631 |
| 003 |
SK-MaSNL |
| 005 |
20260302192446.0 |
| 008 |
140429c2001 xo 0 slo |
| 015 |
|
|
|a SNBRB2001/06-17063
|
| 035 |
|
|
|a CLN000110418
|
| 040 |
|
|
|a SNKBUCL
|b slo
|c SNKBUCL
|e AACR2
|
| 041 |
0 |
|
|a slo
|
| 044 |
|
|
|a xo
|c SK
|
| 080 |
|
|
|a 929:008(=854)(048)
|2 1997
|
| 080 |
|
|
|a 008(=854)(048)
|2 1997
|
| 080 |
|
|
|a 7(=854)(048)
|2 1997
|
| 100 |
1 |
|
|a Kepštová, Ľubica,
|d 1960-
|4 aut
|9 17779
|
| 245 |
1 |
0 |
|a Narcizmus či nedorozumenie?
|c Ľubica Kepštová
|
| 500 |
|
|
|a Reakcia na článok Rozpaky z Umenia pre deti, čiže, Umenie medailónu / Milan Jurčo. - Bibiana. - Roč. 7, č. 4 (2000), s. 34-37
|
| 650 |
0 |
7 |
|a osobnosti umelecké slovenské
|x biografie
|x fotosúbory
|x recenzie
|x polemiky
|2 snkbucl
|9 909655
|
| 650 |
0 |
7 |
|a umenie pre deti
|x autori a interpreti
|x fotosúbory
|x recenzie
|x polemiky
|2 snkbucl
|9 909656
|
| 655 |
|
7 |
|a články z novín a časopisov
|2 snkbucl
|9 267496
|
| 773 |
0 |
|
|t Bibiana
|g Roč. 8, č. 1 (2001), s. 68-69
|x 1335-7263
|
| 850 |
|
|
|a Slovenská národná knižnica v Martine
|
| 852 |
|
|
|a SNK
|b KIS3GCP
|
| 958 |
|
|
|a SK
|
| 958 |
|
|
|a LX
|
| 992 |
|
|
|a RBX
|
| 999 |
|
|
|c 1440865
|d 1442795
|